| 000 | 00532cam a22001817a 4500 | ||
|---|---|---|---|
| 001 | 0000005653 | ||
| 005 | 20170406120903.0 | ||
| 008 | 050719s2004 rh 000 0 eng | ||
| 010 | _a 2005616895 | ||
| 020 | _a1779220324 | ||
| 040 |
_aDLC _cDLC |
||
| 050 | 0 | 0 | _aMLCS 2005/03672 (P) |
| 100 | 1 | _aHuggins, Derek. | |
| 245 | 1 | 0 |
_aStained earth : _ba collection of short stories / _cby Derek Huggins. |
| 260 |
_aAvondale, Harare : _bWeaver Press, _c2004. |
||
| 300 |
_axii, 149 ; _c21 cm. |
||
| 852 | 1 | _9p9.00usd | |
| 908 | _a150115 | ||
| 999 |
_c5436 _d5436 |
||